00996nam a2200289Ia 450000500170000000800410001702000180005804100080007608200170008410000240010124501240012525000180024930000250026749000110029250000520030350400380035565000630039365000420045670000240049894200120052226400340053433600270056833700330059533800280062804000350065699900150069120220317001858.0170410s2016 c g 000 0 s  a9789585945203 aspa04a303.69bL22i1 aLederach, John Paul13aLa imaginación moralbel arte y el alma de la construcción de la pazcJohn Paul Lederach ; traducción Teresa Toda a1a. edición a350 páginasc22 cm aPlural aIncluye datos biográficos del autor en solapa aIncluye glosario y bibliografía142LEMBaSolución de conflictosvEnsayos, conferencias, etc142LEMBaPazvEnsayos, conferencias, etc1 aToda, Teresa978299 2ddccBK aBogotábSemana Librosc2016 atextobtxt2rdacontent asin mediaciónbn2rdamedia avolumenbnc2rdacarrier aCO-BoRNBPbspaerdacCO-BoRNBP c8397d8397